In the shadow of blackbirds : A novel

In 1918, the world seems on the verge of apocalypse. Americans roam the streets in gauze masks to ward off the deadly Spanish influenza, and the government ships young men to the front lines of a brutal war, creating an atmosphere of fear and confusion. Sixteen-year-old Mary Shelley Black watches as...

Πλήρης περιγραφή

Αποθηκεύτηκε σε:
Λεπτομέρειες βιβλιογραφικής εγγραφής
Κύριος συγγραφέας: Winters, Cat
Μορφή: Βιβλίο
Γλώσσα:Undetermined
Έκδοση: New York Amulet Books 2013
Θέματα:
Ετικέτες: Προσθήκη ετικέτας
Δεν υπάρχουν, Καταχωρήστε ετικέτα πρώτοι!
Thư viện lưu trữ: Trung tâm Học liệu Trường Đại học Cần Thơ
LEADER 01278nam a2200229Ia 4500
001 CTU_216439
008 210402s9999 xx 000 0 und d
020 |c 13.19 
082 |a 813 
082 |b W784 
100 |a Winters, Cat 
245 0 |a In the shadow of blackbirds : 
245 2 |b A novel 
245 0 |c Cat Winters 
260 |a New York 
260 |b Amulet Books 
260 |c 2013 
520 |a In 1918, the world seems on the verge of apocalypse. Americans roam the streets in gauze masks to ward off the deadly Spanish influenza, and the government ships young men to the front lines of a brutal war, creating an atmosphere of fear and confusion. Sixteen-year-old Mary Shelley Black watches as desperate mourners flock to séances and spirit photographers for comfort, but she herself has never believed in ghosts. During her bleakest moment, however, she’s forced to rethink her entire way of looking at life and death, for her first love—a boy who died in battle—returns in spirit form. But what does he want from her? 
650 |a Ghosts,Spiritualism,Thuyết duy linh,Ma quái 
650 |x Fiction,Fiction,Tiểu thuyết,Tiểu thuyết 
904 |i Qhieu -linh, sương 
980 |a Trung tâm Học liệu Trường Đại học Cần Thơ